000 00622nam a2200193 a 4500
005 20210219160215.0
008 080925s1983 mx r 000 0 spa d
035 _aUPN01000160930
049 _aUNE
080 _aDO 341.16: 001 (093.2) 1983 RES 116a.
110 2 _aUNESCO. Consejo Ejecutivo
_n( 116a. :
_d1983 :
_cParís)
245 1 0 _aActas Resumidas
260 _aParís :
_bUNESCO,
_c1983.
300 _a351 p.
500 _aIncluye texto en inglés, francés, chino, ruso y español
690 _aAcuerdos- Consejo ejecutivo de la UNESCO
690 _aConsejo ejecutivo de la UNESCO- Acuerdos
905 _aUNESCO
999 _c133043
_d133043